[Event "SK Sodingen/Castrop 1 - SF Essen-Katern"]
[Site "NRW-Klasse - Gruppe 2 2018/20"]
[Date "2018.09.16"]
[Round "1.6"]
[White "Mueller, Frank"]
[Black "Gassmann, Volker"]
[Result "0-1"]
[WhiteElo "1997"]
[BlackElo "2171"]
[PlyCount "56"]
[EventDate "2018.??.??"]
[WhiteTeam "SK Sodingen/Castrop 1"]
[BlackTeam "SF Essen-Katernberg  1"]

1. e4 Nf6 2. e5 Nd5 3. d4 d6 4. Nf3 dxe5 5. Nxe5 c6 6. Be2 Nd7 7. Nf3 g6 8. O-O
Bg7 9. c4 Nc7 10. Nc3 O-O 11. Re1 Re8 12. Be3 e5 13. d5 cxd5 14. cxd5 Nb6 15.
Qb3 e4 16. Ng5 Bxc3 17. bxc3 Qxd5 18. Bxb6 axb6 19. Bc4 Qxg5 20. Bxf7+ Kh8 21.
Bxe8 Bh3 22. g3 Rxe8 23. c4 Qf5 24. Re3 Rf8 25. Qc2 Ne6 26. Rd1 Nc5 27. Rd5 Qf6
28. Qe2 Nd3 0-1

[Event "SK Sodingen/Castrop 1 - SF Essen-Katern"]
[Site "NRW-Klasse - Gruppe 2 2018/20"]
[Date "2018.09.16"]
[Round "1.7"]
[White "Neuer, Thomas"]
[Black "Rohovoy, Dmitrij"]
[Result "1-0"]
[WhiteElo "2132"]
[BlackElo "1939"]
[Annotator "Daniel"]
[PlyCount "117"]
[EventDate "2018.??.??"]
[WhiteTeam "SF Essen-Katernberg  1"]
[BlackTeam "SK Sodingen/Castrop 1"]

1. Nf3 Nf6 2. g3 e6 3. Bg2 d5 4. d4 Be7 5. c4 c6 6. Qc2 Nbd7 7. O-O O-O 8. b3
Re8 9. Rd1 Nf8 10. Nc3 Ng6 11. Bb2 Bb4 12. a3 Ba5 13. Rac1 Qe7 14. e3 Bd7 15.
b4 Bc7 16. Nd2 Rac8 17. e4 dxe4 18. Ndxe4 Nxe4 19. Bxe4 Qg5 20. Bg2 h5 21. Ne4
Qe7 22. Re1 h4 23. Rcd1 hxg3 24. hxg3 b6 25. Qe2 Nf8 26. Qh5 Nh7 27. Bc1 Bd8
28. Bf4 Nf6 29. Qh2 Nxe4 30. Bxe4 g6 31. Kg2 f5 32. Rh1 Qg7 33. Be5 Bf6 34.
Bxf6 Qxf6 35. Qh7+ Kf8 36. Bf3 Qg7 $11 37. Rh6 Kf7 38. Rdh1 Rh8 39. Qxh8 Rxh8
40. Rxh8 Qxd4 41. R1h7+ Kf6 42. Rd8 g5 43. Rhxd7 Qxc4 44. Rd6 Qc3 45. Bxc6 f4
46. g4 Ke5 47. b5 Qxa3 48. Rd4 Qc1 49. Re4+ Kf6 50. Re8 Qd1 51. R4xe6+ Kf7 52.
R6e7+ Kf6 53. Bf3 Qd3 54. Re5 a6 55. R8e6+ Kf7 56. Rxb6 axb5 57. Rbxb5 Qd2 58.
Rxg5 Kf6 59. Rgc5 1-0

[Event "SK Sodingen/Castrop 1 - SF Essen-Katern"]
[Site "NRW-Klasse - Gruppe 2 2018/20"]
[Date "2018.09.16"]
[Round "1.8"]
[White "Becker, Joerg"]
[Black "Dette, Jan"]
[Result "1/2-1/2"]
[WhiteElo "2123"]
[BlackElo "2076"]
[PlyCount "108"]
[EventDate "2018.??.??"]
[WhiteTeam "SK Sodingen/Castrop 1"]
[BlackTeam "SF Essen-Katernberg  1"]

1. d4 e6 2. Nf3 f5 3. g3 Nf6 4. Bg2 d5 5. c4 c6 6. O-O Bd6 7. Qb3 O-O 8. Nc3
Kh8 9. Bf4 Bxf4 10. gxf4 Ne4 11. Rad1 Nd7 12. Rd3 b6 13. Qa4 Bb7 14. cxd5 cxd5
15. Ne5 Nxe5 16. fxe5 a6 17. f3 Nxc3 18. Rxc3 Rc8 19. Rfc1 Rxc3 20. Rxc3 Qh4
21. Qd7 Qxd4+ 22. e3 Qd1+ 23. Bf1 Qxf3 24. Qxb7 f4 25. e4 Qxe4 26. Qxb6 Qxe5
27. Qf2 a5 28. Qc5 Qf6 29. Bg2 h6 30. h3 Rb8 31. b3 a4 32. b4 Qe5 33. Kf2 a3
34. Rc2 Qe3+ 35. Qxe3 fxe3+ 36. Kxe3 Rxb4 37. Kd3 Kg8 38. Bf3 Kf7 39. Rc7+ Kf6
40. Ra7 e5 41. Kc3 Rc4+ 42. Kb3 Rd4 43. Rxa3 Kg5 44. Kc2 Kf4 45. Be2 e4 46. Ra7
Ke3 47. Bb5 Rd2+ 48. Kb3 Rh2 49. Bc6 Rxh3 50. Rxg7 Kd2+ 51. Kb2 e3 52. Rd7 e2
53. Rxd5+ Ke3 54. Re5+ Kd2 1/2-1/2

[Event "Düsseldorfer SK 2 - Südlohner SV 1"]
[Site "NRW-Klasse - Gruppe 2 2018/20"]
[Date "2018.09.16"]
[Round "1.1"]
[White "Kolakovic, Klaudio"]
[Black "Harff, Marcel"]
[Result "0-1"]
[WhiteElo "2105"]
[BlackElo "2382"]
[PlyCount "118"]
[EventDate "2018.??.??"]
[WhiteTeam "Südlohner SV 1"]
[BlackTeam "Düsseldorfer SK 2"]

1. e4 e6 2. d3 d5 3. Nd2 g6 4. g3 Bg7 5. Bg2 c5 6. Ne2 Nc6 7. O-O Nge7 8. Rb1
Nb4 9. a3 Na2 10. Ra1 Nxc1 11. Qxc1 O-O 12. Rb1 a5 13. f4 b5 14. Nf3 Bb7 15.
Nh4 f5 16. e5 Qb6 17. c3 b4 18. Nf3 Rfc8 19. Qd2 Ba6 20. Rfd1 Rab8 21. Bf1 Nc6
22. Kg2 Bf8 23. Qe1 bxa3 24. bxa3 Qa7 25. Ng5 Nd8 26. Qd2 Rb6 27. Ng1 Rcb8 28.
Qc2 Qb7 29. Rxb6 Qxb6 30. Qa4 Bb5 31. Qc2 Bc6 32. Ne2 Qb3 33. Qc1 Qa4 34. Rd2
Rb3 35. Ra2 d4+ 36. Kf2 dxc3 37. Qc2 Rxa3 38. Qxa4 Rxa4 39. Rxa4 Bxa4 40. Nxc3
Bb3 41. Nf3 c4 42. dxc4 Bc5+ 43. Ke1 a4 44. Nxa4 Bxa4 45. Be2 Nc6 46. Kf1 h6
47. h4 Be3 48. c5 Bb3 49. Ba6 Bd5 50. Ke2 Bxc5 51. Bd3 Nd4+ 52. Nxd4 Bxd4 53.
Ba6 g5 54. hxg5 hxg5 55. Bb5 Kf7 56. Ba4 Bb2 57. Kd2 Bf3 58. Ke3 Bg4 59. Kd2
Bd4 0-1

[Event "Düsseldorfer SK 2 - Südlohner SV 1"]
[Site "NRW-Klasse - Gruppe 2 2018/20"]
[Date "2018.09.16"]
[Round "1.2"]
[White "Hainke, Guntram"]
[Black "Voelker, Christian"]
[Result "1-0"]
[WhiteElo "2319"]
[BlackElo "2065"]
[Annotator "Daniel"]
[PlyCount "123"]
[EventDate "2018.??.??"]
[WhiteTeam "Düsseldorfer SK 2"]
[BlackTeam "Südlohner SV 1"]

1. d4 Nf6 2. c4 c5 3. d5 b5 4. cxb5 a6 5. e3 g6 6. Nc3 Bg7 7. Nf3 O-O 8. a4 e6
9. e4 Bb7 10. Bc4 exd5 11. exd5 Re8+ 12. Be2 axb5 13. Nxb5 Bxd5 14. O-O Na6 15.
Bg5 Nb4 16. Rc1 Qb6 17. Nd2 Qc6 18. Bf3 Bxf3 19. Nxf3 Ne4 20. b3 Na2 21. Rc2
Nac3 22. Nxc3 Nxc3 23. Qd3 c4 24. bxc4 Nxa4 25. Be3 d6 26. h4 Ra5 27. Qd2 Ra6
28. Rd1 Nc5 29. Bf4 Bf8 30. Nd4 Qe4 31. Bg3 Ra3 32. Qf4 Qxf4 33. Bxf4 Ne6 34.
Nb5 Ra6 35. Bxd6 Bxd6 36. Rxd6 Ra1+ 37. Kh2 Rc8 38. Rd3 Rb1 39. Nd6 Rc6 40. Ne4
Rb4 $11 41. Nd2 Kg7 42. g3 h5 43. Ra2 Nc5 44. Rd4 Nb7 45. Rc2 Nd6 46. Kg2 f5
47. Rd3 Kf6 48. c5 Ne4 49. Nxe4+ fxe4 50. Rd5 Rb3 51. Kf1 Rd3 52. Rg5 Rf3 53.
Ke2 Rf5 54. Rxf5+ gxf5 55. Ke3 Ke5 56. Rc3 Kd5 57. Kf4 Kd4 58. Rc1 Kd3 59. Kxf5
Ke2 60. Kxe4 Kxf2 61. Kd5 Rc8 62. Rc3 1-0

[Event "Düsseldorfer SK 2 - Südlohner SV 1"]
[Site "NRW-Klasse - Gruppe 2 2018/20"]
[Date "2018.09.16"]
[Round "1.3"]
[White "Engels, Natia"]
[Black "Lauzeningks, Jan"]
[Result "1/2-1/2"]
[WhiteElo "2068"]
[BlackElo "2289"]
[PlyCount "91"]
[EventDate "2018.??.??"]
[WhiteTeam "Südlohner SV 1"]
[BlackTeam "Düsseldorfer SK 2"]

1. d4 Nf6 2. c4 g6 3. Nc3 Bg7 4. e4 d6 5. f3 O-O 6. Be3 c5 7. d5 e6 8. Qd2 exd5
9. cxd5 Nbd7 10. Nh3 a6 11. a4 b6 12. Be2 Re8 13. O-O Rb8 14. Nf2 Qc7 15. Bh6
Bh8 16. f4 c4 17. e5 dxe5 18. f5 Qc5 19. Be3 Qb4 20. g4 Nc5 21. Bxc5 Qxc5 22.
fxg6 hxg6 23. g5 Qd4 24. Rad1 Qxd2 25. Rxd2 e4 26. gxf6 e3 27. Rdd1 exf2+ 28.
Rxf2 b5 29. axb5 axb5 30. d6 Be6 31. Nd5 Bxd5 32. Rxd5 Re6 33. d7 Rd8 34. Bg4
Rc6 35. Re2 Bxf6 36. Re8+ Kg7 37. Rxb5 Rb6 38. Rxb6 Bd4+ 39. Kg2 Bxb6 40. Rxd8
Bxd8 41. Be2 c3 42. bxc3 f5 43. c4 Kf6 44. c5 Ke5 45. c6 g5 46. Bd3 1/2-1/2

[Event "Düsseldorfer SK 2 - Südlohner SV 1"]
[Site "NRW-Klasse - Gruppe 2 2018/20"]
[Date "2018.09.16"]
[Round "1.4"]
[White "Reinke, Markus"]
[Black "Doennebrink, Elmar"]
[Result "1-0"]
[WhiteElo "2186"]
[BlackElo "2063"]
[PlyCount "57"]
[EventDate "2018.??.??"]
[WhiteTeam "Düsseldorfer SK 2"]
[BlackTeam "Südlohner SV 1"]

1. e4 c5 2. Nc3 Nc6 3. f4 g6 4. Nf3 Bg7 5. Bb5 d6 6. Bxc6+ bxc6 7. d3 Rb8 8.
O-O Nf6 9. Qe1 O-O 10. Rb1 Ne8 11. f5 e6 12. fxg6 fxg6 13. Bg5 Qc7 14. e5 d5
15. Na4 Rxf3 16. Rxf3 Bxe5 17. Qf2 Bd4 18. Be3 Bxe3 19. Qxe3 Nd6 20. Qe5 Qe7
21. Rbf1 Bd7 22. Nxc5 Re8 23. g4 Bc8 24. b4 Rd8 25. Rf6 a5 26. c3 axb4 27. cxb4
Qa7 28. Kh1 Qxa2 29. Nxe6 1-0

[Event "Düsseldorfer SK 2 - Südlohner SV 1"]
[Site "NRW-Klasse - Gruppe 2 2018/20"]
[Date "2018.09.16"]
[Round "1.5"]
[White "Teloeken, Daniel"]
[Black "Hoenig, Alexander"]
[Result "0-1"]
[WhiteElo "1962"]
[BlackElo "2155"]
[Annotator "Daniel"]
[PlyCount "108"]
[EventDate "2018.??.??"]
[WhiteTeam "Südlohner SV 1"]
[BlackTeam "Düsseldorfer SK 2"]

1. c4 c6 2. g3 d5 3. Nf3 Nf6 4. Bg2 Bf5 5. Qb3 Qb6 6. cxd5 Qxb3 7. axb3 cxd5 8.
d3 Nc6 9. Nc3 e5 10. O-O Be7 11. Bg5 Be6 12. Nd2 O-O-O 13. Rfc1 Kb8 14. Na4 Nd7
15. Bxe7 Nxe7 16. Nc5 Nxc5 17. Rxc5 Rc8 18. Rac1 f6 19. f4 b6 20. Rxc8+ Rxc8
21. Rxc8+ Kxc8 22. fxe5 fxe5 23. Nf3 Bg4 24. Nxe5 Bxe2 25. Bf3 Bxf3 26. Nxf3
Kd7 27. Kf2 Nc6 28. Ke3 Kd6 29. d4 Na5 30. Nd2 Ke6 31. Kf4 Kf6 32. g4 g5+ 33.
Ke3 Kg6 34. Kd3 $11 h5 35. h3 h4 36. Kc3 Nc6 37. Nf3 Kf6 38. Kd3 Nd8 39. Kd2
Ne6 40. Ke3 a5 41. Kd2 Nf4 42. Ng1 Ke6 43. Kc3 Kd6 44. b4 Kc6 45. bxa5 bxa5 46.
b3 Kb5 47. Kb2 Kb4 48. Kc2 a4 49. bxa4 Kxa4 50. Kc1 Kb3 51. Kd2 Kb2 52. Kd1 Kc3
53. Kc1 Kd3 54. Kd1 Ke3 0-1

[Event "Düsseldorfer SK 2 - Südlohner SV 1"]
[Site "NRW-Klasse - Gruppe 2 2018/20"]
[Date "2018.09.16"]
[Round "1.6"]
[White "Berndt, Axel"]
[Black "Darwisch, Khaled"]
[Result "1/2-1/2"]
[WhiteElo "2125"]
[BlackElo "2130"]
[Annotator "Daniel"]
[PlyCount "111"]
[EventDate "2018.??.??"]
[WhiteTeam "Düsseldorfer SK 2"]
[BlackTeam "Südlohner SV 1"]

1. e4 d6 2. d4 g6 3. Nc3 Bg7 4. Be3 Nf6 5. f3 Nc6 6. Qd2 e5 7. Nge2 Nd7 8. d5
Ne7 9. Bh6 O-O 10. g4 c6 11. Bxg7 Kxg7 12. dxc6 Nxc6 13. O-O-O Nb6 14. Qxd6
Qg5+ 15. Qd2 Qf6 16. Qe3 Be6 17. Nd5 Bxd5 18. exd5 Nb4 19. Nc3 Rfd8 20. Qe4 a5
21. a3 Na6 22. Bxa6 Rxa6 23. Rhe1 Nd7 24. Rf1 Qg5+ 25. Kb1 Nf6 26. Qe2 Qf4 27.
Qd2 Rad6 28. Qxf4 exf4 29. Rd4 Nxd5 30. Nxd5 Rxd5 31. Rxf4 Rd2 32. h4 Rh2 33.
g5 Rdd2 34. Rc1 Rdf2 35. b4 axb4 36. axb4 Rh3 37. Rd1 Rhxf3 38. Rxf3 Rxf3 39.
Rd7 b6 40. Rb7 Rf4 41. Rxb6 h6 42. Kb2 Rxh4 43. gxh6+ Kxh6 44. Kb3 f5 $11 45.
b5 f4 46. Rd6 Kg5 47. b6 Rh1 48. Kc4 f3 49. Rd3 Rb1 50. Kc5 Kf4 51. Rd4+ Ke3
52. Rd3+ Ke2 53. Rb3 Rxb3 54. cxb3 f2 55. b7 f1=Q 56. b8=Q 1/2-1/2

[Event "Düsseldorfer SK 2 - Südlohner SV 1"]
[Site "NRW-Klasse - Gruppe 2 2018/20"]
[Date "2018.09.16"]
[Round "1.7"]
[White "Teloeken, Andreas"]
[Black "Kesseler, Heiko"]
[Result "1-0"]
[WhiteElo "2013"]
[BlackElo "2111"]
[PlyCount "93"]
[EventDate "2018.??.??"]
[WhiteTeam "Südlohner SV 1"]
[BlackTeam "Düsseldorfer SK 2"]

1. Nf3 d5 2. c4 e6 3. b3 Nf6 4. g3 c5 5. Bg2 Nc6 6. e3 Be7 7. O-O O-O 8. Bb2 b6
9. Qe2 Ba6 10. Nc3 Rc8 11. Rfd1 Qd7 12. d3 Rfd8 13. Rac1 Qe8 14. a3 Bb7 15.
cxd5 exd5 16. d4 Na5 17. Nd2 Bf8 18. Bh3 Rb8 19. Ncb1 c4 20. b4 Nc6 21. Nc3 a6
22. Bg2 Qd7 23. Nf3 Re8 24. Ne5 Qe6 25. f4 b5 26. Qf1 Ne7 27. Bh3 Qb6 28. g4
Ng6 29. g5 Nxe5 30. fxe5 Nh5 31. Bg4 Qd8 32. Qh3 g6 33. Bxh5 Bc8 34. Qg2 gxh5
35. Nxd5 Re6 36. Nf6+ Kh8 37. d5 Rxf6 38. gxf6 Bh6 39. Qe4 Bg4 40. Rd2 Qg8 41.
Rg2 Qg5 42. Bd4 Qh4 43. e6 Re8 44. e7 Qh3 45. Rg3 Qh4 46. d6 Bg5 47. Qc6 1-0

[Event "Düsseldorfer SK 2 - Südlohner SV 1"]
[Site "NRW-Klasse - Gruppe 2 2018/20"]
[Date "2018.09.16"]
[Round "1.8"]
[White "Partenheimer, Axel"]
[Black "Hater, Wolfgang"]
[Result "0-1"]
[WhiteElo "2097"]
[BlackElo "2016"]
[PlyCount "72"]
[EventDate "2018.??.??"]
[WhiteTeam "Düsseldorfer SK 2"]
[BlackTeam "Südlohner SV 1"]

1. Nf3 d6 2. d4 Nf6 3. c4 Nbd7 4. Nc3 e5 5. g3 Be7 6. Bg2 O-O 7. O-O c6 8. e4
exd4 9. Nxd4 Ne5 10. b3 Re8 11. h3 a5 12. Be3 Bf8 13. f4 Ng6 14. Bf2 a4 15. Qc2
a3 16. Rad1 Qa5 17. Rfe1 h5 18. Nf3 Nd7 19. Kh1 Be7 20. h4 Nc5 21. e5 dxe5 22.
Nxe5 Nf8 23. Re3 Rd8 24. Rxd8 Qxd8 25. Qe2 Be6 26. Qxh5 f6 27. Ng6 Nxg6 28.
Qxg6 Qd2 29. Bg1 Rd8 30. Qb1 Bf8 31. Qe1 Bg4 32. Qxd2 Rxd2 33. Re8 Nd3 34. Ne4
Rxa2 35. Nc5 Nf2+ 36. Kh2 Kf7 0-1

[Event "SVG Plettenberg 1 - Südlohner SV 1"]
[Site "NRW-Klasse - Gruppe 2 2018/20"]
[Date "2018.10.14"]
[Round "2.1"]
[White "van Lith, Arjan"]
[Black "Haub, Thorsten Michael"]
[Result "0-1"]
[WhiteElo "2157"]
[BlackElo "2439"]
[PlyCount "108"]
[EventDate "2018.??.??"]
[WhiteTeam "Südlohner SV 1"]
[BlackTeam "SVG Plettenberg 1"]

1. e4 g6 2. d4 Bg7 3. Nc3 d6 4. Be3 c6 5. Qd2 Nd7 6. Nf3 b5 7. Bd3 Bb7 8. O-O
a6 9. a4 Ngf6 10. Ne2 c5 11. axb5 Nxe4 12. Qa5 Qxa5 13. Rxa5 axb5 14. Rxa8+
Bxa8 15. Bxb5 cxd4 16. Bxd4 e5 17. Ra1 Bd5 18. Nc3 Bb7 19. Nxe4 Bxe4 20. Bc3
Bf5 21. Ra7 Ke7 22. Ng5 Rb8 23. Ba4 d5 24. b4 f6 25. Nf3 Ke8 26. h3 Rc8 27. Bd2
Be6 28. g4 h5 29. gxh5 gxh5 30. Kh2 Bf8 31. c3 Bd6 32. Ng1 Ke7 33. Ne2 Bc7 34.
f4 Nb6 35. Bb5 Bd7 36. Ba6 Ra8 37. Rxa8 Nxa8 38. Be3 Nb6 39. Kg3 Na4 40. Kh4
Be8 41. Bb7 Bb5 42. Ng3 Nxc3 43. fxe5 fxe5 44. Kxh5 Kd7 45. Kg4 Bd6 46. Bb6 d4
47. Kf3 Bxb4 48. Ne4 Be2+ 49. Kf2 Bd1 50. Nxc3 dxc3 51. Be3 Ba3 52. h4 c2 53.
Ke1 Bh5 54. Be4 c1=Q+ 0-1

[Event "SVG Plettenberg 1 - Südlohner SV 1"]
[Site "NRW-Klasse - Gruppe 2 2018/20"]
[Date "2018.10.14"]
[Round "2.2"]
[White "Bosch, Jeroen"]
[Black "Kolakovic, Klaudio"]
[Result "1-0"]
[WhiteElo "2397"]
[BlackElo "2112"]
[PlyCount "93"]
[EventDate "2018.??.??"]
[WhiteTeam "SVG Plettenberg 1"]
[BlackTeam "Südlohner SV 1"]

1. d4 Nf6 2. Nf3 g6 3. Nc3 d5 4. Bf4 Bg7 5. Nb5 Na6 6. e3 O-O 7. h3 Ne4 8. Nd2
Nxd2 9. Qxd2 c6 10. Nc3 Nc7 11. O-O-O Ne6 12. Be5 f6 13. Bh2 f5 14. Be5 Bxe5
15. dxe5 Qc7 16. f4 Nc5 17. Bd3 Be6 18. Ne2 Nxd3+ 19. cxd3 c5 20. Kb1 a5 21.
Rc1 b6 22. Nd4 Qd7 23. Nxe6 Qxe6 24. Rhg1 Rad8 25. d4 c4 26. g4 Qd7 27. Rg3 Ra8
28. Ka1 b5 29. Qg2 Ra6 30. h4 fxg4 31. Rxg4 Rf5 32. Rg5 Rxg5 33. Qxg5 b4 34. f5
Qxf5 35. Qxe7 Qf7 36. Qd8+ Kg7 37. e4 dxe4 38. d5 Qf4 39. Qc7+ Kh6 40. Qxc4 Rb6
41. e6 Qe5 42. Re1 Rd6 43. Qc1+ Kg7 44. Qc7+ Kh6 45. e7 Rxd5 46. Qd8 Qg3 47.
Rb1 1-0

[Event "SVG Plettenberg 1 - Südlohner SV 1"]
[Site "NRW-Klasse - Gruppe 2 2018/20"]
[Date "2018.10.14"]
[Round "2.3"]
[White "Voelker, Christian"]
[Black "Browning, Alex"]
[Result "0-1"]
[WhiteElo "2065"]
[BlackElo "2131"]
[Annotator "Daniel"]
[PlyCount "172"]
[EventDate "2018.??.??"]
[WhiteTeam "Südlohner SV 1"]
[BlackTeam "SVG Plettenberg 1"]

1. d4 Nf6 2. c4 g6 3. Nc3 Bg7 4. e4 O-O 5. f4 d6 6. Nf3 c5 7. dxc5 Qa5 8. Bd3
Qxc5 9. Qe2 Nc6 10. Be3 Qh5 11. h3 Ng4 12. Bd2 Nd4 13. Qf1 Nxf3+ 14. Qxf3 Bd4
15. Nd1 Bd7 16. Bc3 Bb6 17. g3 Nf6 18. g4 Qh6 19. Ke2 g5 20. Bd2 gxf4 21. Bxf4
Qg7 22. Be3 Bc6 23. Qf4 e5 24. Qf5 Qg6 25. Nc3 Qxf5 26. gxf5 Nh5 27. Rhg1+ Kh8
28. Rg4 Rg8 29. Rag1 Bxe3 30. Kxe3 Nf4 31. Bf1 $11 Nh5 32. Bd3 Nf6 33. R4g3
Rxg3+ 34. Rxg3 a5 35. b3 Rg8 36. Ne2 Rg7 37. Kf3 Kg8 38. Ke3 Kf8 39. Kf3 b6 40.
Ke3 Rxg3+ 41. Nxg3 Kg7 42. Be2 $11 Kh6 43. h4 Be8 44. Bd1 Kg7 45. Be2 Kf8 46.
Kd3 Ke7 47. Bf3 b5 48. cxb5 Bxb5+ 49. Kc3 Kd7 50. Nh5 Nxh5 51. Bxh5 f6 52. Bf7
Bc6 53. Kd3 Kc7 54. Bg8 h6 55. a3 Kb6 56. Bc4 Kc5 57. Be6 d5 58. exd5 Bxd5 59.
b4+ axb4 60. axb4+ Kd6 61. Bc8 Kc6 62. Ba6 Bg2 63. Ke3 Kb6 64. Bd3 Bc6 65. Kd2
Bb5 66. Be4 Bc4 67. Kc3 Kb5 68. Bc2 Bf1 69. Be4 Bc4 70. Bc2 Be2 71. Be4 Bf1 72.
Bc2 Kc6 73. Be4+ Kd6 74. Kb3 Bb5 75. Kc3 Bc6 76. Bc2 Bd5 77. Bb1 Bg2 78. Kc4
Bf1+ 79. Kc3 Kd5 80. Ba2+ Ke4 81. Be6 Bb5 82. Bc4 Bxc4 83. Kxc4 Kxf5 84. b5 Ke6
85. Kc5 Kd7 86. Kb6 e4 0-1

[Event "SVG Plettenberg 1 - Südlohner SV 1"]
[Site "NRW-Klasse - Gruppe 2 2018/20"]
[Date "2018.10.14"]
[Round "2.4"]
[White "Klip, Hans"]
[Black "Engels, Natia"]
[Result "1-0"]
[WhiteElo "2269"]
[BlackElo "2068"]
[PlyCount "115"]
[EventDate "2018.??.??"]
[WhiteTeam "SVG Plettenberg 1"]
[BlackTeam "Südlohner SV 1"]

1. e4 c5 2. Nf3 Nc6 3. Bb5 Nd4 4. Nxd4 cxd4 5. O-O g6 6. c3 Qb6 7. Ba4 Bg7 8.
cxd4 Bxd4 9. Nc3 Nf6 10. d3 O-O 11. Bb3 d6 12. Ne2 Bg4 13. h3 Bxe2 14. Qxe2 a5
15. Rb1 a4 16. Bc4 e6 17. a3 d5 18. Ba2 Qd6 19. Qf3 dxe4 20. dxe4 Qe5 21. Re1
Rfc8 22. Re2 Rc6 23. Bf4 Qb5 24. Rd1 Be5 25. Bg5 Rac8 26. Red2 Bh2+ 27. Kxh2
Qxg5 28. Bb1 Rc1 29. Qg3 Qxg3+ 30. fxg3 Rxd1 31. Rxd1 Rc4 32. Rd8+ Kg7 33. e5
Nd5 34. Rb8 Ne3 35. Rxb7 Nf1+ 36. Kg1 Rc1 37. Bd3 Nxg3+ 38. Kf2 Nh1+ 39. Kf3
Rd1 40. Bc4 Kf8 41. Bb5 Re1 42. g4 Rg1 43. Bxa4 Rg3+ 44. Ke2 Rxh3 45. Kf1 Rd3
46. Bc6 Ng3+ 47. Kf2 h5 48. gxh5 gxh5 49. a4 h4 50. a5 Rd2+ 51. Ke3 Nf1+ 52.
Kf4 Rd4+ 53. Kg5 Kg7 54. a6 h3 55. a7 h2 56. a8=Q Rd5 57. Bxd5 exd5 58. Qe8 1-0

[Event "SVG Plettenberg 1 - Südlohner SV 1"]
[Site "NRW-Klasse - Gruppe 2 2018/20"]
[Date "2018.10.14"]
[Round "2.5"]
[White "Doennebrink, Elmar"]
[Black "Litwak, Aleksej"]
[Result "1/2-1/2"]
[WhiteElo "2063"]
[BlackElo "2244"]
[PlyCount "52"]
[EventDate "2018.??.??"]
[WhiteTeam "Südlohner SV 1"]
[BlackTeam "SVG Plettenberg 1"]

1. e4 c5 2. Nf3 e6 3. b3 b6 4. Bb2 Bb7 5. Qe2 Nf6 6. Nc3 Be7 7. e5 Nd5 8. g3
O-O 9. Bg2 f6 10. O-O fxe5 11. Nxd5 Bxd5 12. c4 Bc6 13. Nxe5 Bxg2 14. Kxg2 Bf6
15. d4 cxd4 16. Bxd4 Qc7 17. Rad1 Nc6 18. Nxc6 Qxc6+ 19. Kg1 Bxd4 20. Rxd4 Rf7
21. Qe5 Raf8 22. Qd6 Qf3 23. Rd3 Qe4 24. Rd4 Qf3 25. Rd3 Qe4 26. Rd4 Qf3
1/2-1/2

[Event "SVG Plettenberg 1 - Südlohner SV 1"]
[Site "NRW-Klasse - Gruppe 2 2018/20"]
[Date "2018.10.14"]
[Round "2.7"]
[White "Darwisch, Khaled"]
[Black "Pieper, Dawid"]
[Result "1/2-1/2"]
[WhiteElo "2130"]
[BlackElo "2152"]
[PlyCount "44"]
[EventDate "2018.??.??"]
[WhiteTeam "Südlohner SV 1"]
[BlackTeam "SVG Plettenberg 1"]

1. e4 e5 2. d3 Nf6 3. g3 d5 4. Nd2 Nc6 5. h3 dxe4 6. dxe4 Bc5 7. Bg2 O-O 8.
Ngf3 a5 9. O-O Qe7 10. Qe2 b6 11. Nb3 Ba6 12. c4 Rad8 13. Bg5 h6 14. Bd2 a4 15.
Nxc5 Qxc5 16. b3 b5 17. Be3 Qb4 18. Rfc1 bxc4 19. bxc4 Nxe4 20. Nh4 f5 21. Nxf5
Rxf5 22. Bxe4 Rf6 1/2-1/2

[Event "SVG Plettenberg 1 - Südlohner SV 1"]
[Site "NRW-Klasse - Gruppe 2 2018/20"]
[Date "2018.10.14"]
[Round "2.8"]
[White "Winterkamp, Sascha"]
[Black "Funke, Reinhard"]
[Result "0-1"]
[WhiteElo "1966"]
[BlackElo "2059"]
[PlyCount "66"]
[EventDate "2018.??.??"]
[WhiteTeam "SVG Plettenberg 1"]
[BlackTeam "Südlohner SV 1"]

1. d4 d5 2. Nf3 Nf6 3. c4 e6 4. Nc3 Nbd7 5. Bg5 c6 6. e3 Qa5 7. Nd2 dxc4 8.
Bxf6 Nxf6 9. Nxc4 Qd8 10. Qc2 Be7 11. Rd1 O-O 12. Bd3 b5 13. Ne5 Bb7 14. Ne4
Qa5+ 15. Kf1 Rac8 16. Ng5 g6 17. h4 c5 18. Qe2 cxd4 19. exd4 Qxa2 20. Nxh7 Nxh7
21. h5 g5 22. Rh3 Qd5 23. f3 f5 24. Ng6 Rf7 25. Ne5 Rf6 26. Bxb5 Nf8 27. Rg3
Rh6 28. Bc4 Qd6 29. Rh3 Bd5 30. Bd3 Bf6 31. Qe3 Qb6 32. Rd2 Rc1+ 33. Kf2 f4 0-1

[Event "SF Essen-Katernberg  1 - Düsseldorfer "]
[Site "NRW-Klasse - Gruppe 2 2018/20"]
[Date "2018.10.14"]
[Round "2.1"]
[White "Stark, Lars"]
[Black "Tomic, Bosko"]
[Result "0-1"]
[WhiteElo "2371"]
[BlackElo "2355"]
[PlyCount "94"]
[EventDate "2018.??.??"]
[WhiteTeam "Düsseldorfer SK 2"]
[BlackTeam "SF Essen-Katernberg  1"]

1. c4 e5 2. Nc3 Nc6 3. g3 Nf6 4. Bg2 Bc5 5. a3 a5 6. e3 O-O 7. Nge2 Re8 8. O-O
d6 9. h3 Ba7 10. d4 Bd7 11. d5 Ne7 12. e4 Ng6 13. Qd3 Nh5 14. Be3 Bxe3 15. Qxe3
h6 16. Nc1 Rf8 17. Qe2 Qg5 18. Nd3 f5 19. exf5 Bxf5 20. Ne4 Bxe4 21. Bxe4 Nf6
22. Kh2 Nxe4 23. Qxe4 Rf6 24. c5 Raf8 25. cxd6 cxd6 26. Rac1 Rf3 27. h4 Qh5 28.
Kg1 Nxh4 29. Ne1 R3f4 30. Qh1 Qg5 31. Rc3 Nf5 32. Qg2 Rg4 33. Nf3 Qg6 34. Nh2
Rg5 35. Nf3 Rg4 36. Nh2 Rd4 37. Nf3 Re4 38. Rc7 Re2 39. Qh3 e4 40. Nh4 Nxh4 41.
Qxh4 e3 42. f3 Rxb2 43. Re7 e2 44. Re1 Rxf3 45. Kg2 Rbb3 46. R1xe2 Rxg3+ 47.
Kh2 Rg4 0-1

[Event "SF Essen-Katernberg  1 - Düsseldorfer "]
[Site "NRW-Klasse - Gruppe 2 2018/20"]
[Date "2018.10.14"]
[Round "2.2"]
[White "Rosen, Bernd"]
[Black "de Gleria, Francesco"]
[Result "1-0"]
[WhiteElo "2293"]
[BlackElo "2398"]
[Annotator "Daniel"]
[PlyCount "119"]
[EventDate "2018.??.??"]
[WhiteTeam "SF Essen-Katernberg  1"]
[BlackTeam "Düsseldorfer SK 2"]

1. c4 e5 2. g3 Nc6 3. Nc3 f5 4. Nf3 Nf6 5. d4 e4 6. Nh4 d5 7. Bg5 Be7 8. e3 O-O
9. Bxf6 Bxf6 10. cxd5 Ne7 11. Ng2 Nxd5 12. Bc4 Be6 13. Qb3 c6 14. Nf4 Nxf4 15.
Bxe6+ Nxe6 16. Qxe6+ Kh8 17. O-O Qc8 18. Qc4 Qe8 19. Rac1 Rd8 20. Qc5 Qg6 21.
Ne2 Qg4 22. Nf4 Rde8 23. Ne6 Rg8 24. Qd6 Qe2 25. Nc5 Be7 26. Qd7 f4 27. Rce1
Qxb2 28. exf4 Bxc5 29. dxc5 Qxa2 30. Qxb7 Qa4 31. Re3 a5 32. Qb2 Qb5 33. Qc2 a4
34. Ra1 Ra8 35. Qxe4 Qxc5 36. Rxa4 Qc1+ 37. Kg2 Rxa4 38. Qxa4 Qc5 39. Qe4 Rc8
40. Qe8+ Qf8 41. Qxf8+ Rxf8 42. Re7 Rc8 43. Kf3 c5 44. Ke3 h6 45. Kd3 Rd8+ 46.
Kc3 Rd1 47. Re2 Kh7 48. f5 Rd5 49. g4 Rd4 50. f3 Rf4 $11 51. Re3 h5 52. h3 Ra4
53. Kd3 h4 54. Re7 Kh6 55. Ke3 Ra1 56. Re6+ Kh7 57. g5 Kg8 58. Kf4 Kf7 59. g6+
Kf8 60. Rc6 1-0

[Event "SF Essen-Katernberg  1 - Düsseldorfer "]
[Site "NRW-Klasse - Gruppe 2 2018/20"]
[Date "2018.10.14"]
[Round "2.3"]
[White "Hainke, Guntram"]
[Black "Wessendorf, Thomas"]
[Result "1/2-1/2"]
[WhiteElo "2319"]
[BlackElo "2204"]
[PlyCount "94"]
[EventDate "2018.??.??"]
[WhiteTeam "Düsseldorfer SK 2"]
[BlackTeam "SF Essen-Katernberg  1"]

1. d4 g6 2. c4 Bg7 3. e4 Nc6 4. Be3 e5 5. d5 Nd4 6. Bxd4 exd4 7. Bd3 c5 8. Nf3
d6 9. O-O Nh6 10. b4 b6 11. bxc5 bxc5 12. Qa4+ Bd7 13. Qa3 O-O 14. Nbd2 Qc7 15.
Rab1 Rfb8 16. Rb3 Rxb3 17. axb3 a5 18. h3 f6 19. Bc2 Qb6 20. Ra1 Nf7 21. Ne1
Bh6 22. Ndf3 Ne5 23. Bd1 Nxf3+ 24. Nxf3 Qd8 25. Bc2 Qe8 26. Bd3 Qb8 27. Bc2 Bf4
28. Bd3 Kf7 29. g3 Bh6 30. Kh2 Qc8 31. Bf1 Qb7 32. Bd3 Ra6 33. Bc2 Bc8 34. Bd3
Qd7 35. Bf1 Qb7 36. Bd3 Bg7 37. Ra2 h5 38. Qb2 a4 39. Bc2 Qb4 40. bxa4 Qxc4 41.
Qb3 Qf1 42. Bd3 Qxh3+ 43. Kg1 Ra7 44. e5 dxe5 45. Nh4 Rb7 46. Bxg6+ Kg8 47. Qc2
f5 1/2-1/2

[Event "SF Essen-Katernberg  1 - Düsseldorfer "]
[Site "NRW-Klasse - Gruppe 2 2018/20"]
[Date "2018.10.14"]
[Round "2.4"]
[White "Kueppers, Timo"]
[Black "Reinke, Markus"]
[Result "1-0"]
[WhiteElo "2247"]
[BlackElo "2186"]
[PlyCount "67"]
[EventDate "2018.??.??"]
[WhiteTeam "SF Essen-Katernberg  1"]
[BlackTeam "Düsseldorfer SK 2"]

1. d4 f5 2. g3 Nf6 3. Bg2 e6 4. c4 d6 5. Nf3 Be7 6. O-O O-O 7. b3 Ne4 8. Bb2 b6
9. Nbd2 Bb7 10. Ne1 Bf6 11. Qc2 d5 12. Rc1 Na6 13. Ndf3 c5 14. e3 Nb4 15. Qb1
Rc8 16. a3 Nc6 17. dxc5 dxc4 18. Bxf6 Qxf6 19. cxb6 cxb3 20. Nd3 Nc3 21. Qb2
Na4 22. Qxb3 Nxb6 23. Nc5 Ba8 24. Qxe6+ Qxe6 25. Nxe6 Rfe8 26. Ned4 Nxd4 27.
Nxd4 Bxg2 28. Kxg2 g6 29. Nb5 Rxc1 30. Rxc1 a6 31. Nd6 Re6 32. Rc6 Nc4 33. Rc8+
Kg7 34. Nxc4 1-0